The mousetrap & selected plays (Record no. 13385)
[ view plain ]
| 000 -LEADER | |
|---|---|
| fixed length control field | 00257nam a22001097a 4500 |
| 082 ## - DEWEY DECIMAL CLASSIFICATION NUMBER | |
| Classification number | 823.912 CHR |
| 100 ## - MAIN ENTRY--PERSONAL NAME | |
| Personal name | Agatha Christie |
| 245 ## - TITLE STATEMENT | |
| Title | The mousetrap & selected plays |
| 260 ## - PUBLICATION, DISTRIBUTION, ETC. | |
| Place of publication, distribution, etc. | London |
| Name of publisher, distributor, etc. | Harper Collins Publishers |
| Date of publication, distribution, etc. | 1954 |
| 300 ## - PHYSICAL DESCRIPTION | |
| Extent | 366p. |
| 942 ## - ADDED ENTRY ELEMENTS (KOHA) | |
| Koha item type | Book |
| Withdrawn status | Lost status | Damaged status | Not for loan | Collection code | Permanent Location | Current Location | Shelving location | Date acquired | Source of acquisition | Cost, normal purchase price | Total Checkouts | Full call number | Barcode | Date last seen | Date last checked out | Price effective from | Koha item type |
|---|---|---|---|---|---|---|---|---|---|---|---|---|---|---|---|---|---|
| Central Library (CL) | Central Library (CL) | General Stacks | 12/16/2004 | Allied Book Company | 355.50 | 4 | 823.912 CHR | SEECS005164 | 07/23/2024 | 03/22/2024 | 11/25/2015 | Book |
